| 000 | 00651nam a2200169 a 4500 | ||
|---|---|---|---|
| 001 | 000040501 | ||
| 005 | 20201002034155.0 | ||
| 008 | 130826s2004 mx 000 0 spa d | ||
| 020 | _a9703201369 | ||
| 040 |
_aDO-SdBNP _bspa _cBNPHU |
||
| 245 | 0 | 0 | _aPrograma de las actividades académicas del plan de estudios de la especializaciones en Derechos humanos /. |
| 260 |
_aMéxico : _bUniversidad Nacional Autónoma de México, _c2004. |
||
| 300 |
_a74 p. ; _c21 cm. |
||
| 490 | 1 |
_aLecturas jurídicas _aManuales jurídicos _v19 |
|
| 710 | 2 |
_aUniversidad Nacional Autónoma de México, _942447 |
|
| 830 | 0 |
_aLecturas jurídicas _pManuales jurídicos _v19 _966717 |
|
| 999 |
_c39991 _d39991 |
||